El pez alga / (Record no. 27610)

MARC details
000 -LEADER
fixed length control field 00507nam a22002057a 4500
001 - CONTROL NUMBER
control field sjds
003 - CONTROL NUMBER IDENTIFIER
control field sjds
005 - DATE AND TIME OF LATEST TRANSACTION
control field 20221222130149.0
008 - FIXED-LENGTH DATA ELEMENTS--GENERAL INFORMATION
fixed length control field 221222b sp ||||| |||| 00| 0 spa d
020 ## - INTERNATIONAL STANDARD BOOK NUMBER
International Standard Book Number 9788434837218
020 ## - INTERNATIONAL STANDARD BOOK NUMBER
International Standard Book Number 8434837218
040 ## - CATALOGING SOURCE
Transcribing agency sjds
041 ## - LANGUAGE CODE
Language code of text/sound track or separate title spa
110 2# - MAIN ENTRY--CORPORATE NAME
Corporate name or jurisdiction name as entry element Cousteau Society
245 13 - TITLE STATEMENT
Title El pez alga /
Statement of responsibility, etc. Cousteau Society
246 ## - VARYING FORM OF TITLE
Title proper/short title El pez alga
260 ## - PUBLICATION, DISTRIBUTION, ETC. (IMPRINT)
Place of publication, distribution, etc. Madrid :
Name of publisher, distributor, etc. SM,
Date of publication, distribution, etc. 1992.
300 ## - PHYSICAL DESCRIPTION
Extent 22 unnumbered pages :
Other physical details color illustrations ;
Dimensions 26 cm
942 ## - ADDED ENTRY ELEMENTS (KOHA)
Koha item type Libro/Book
Holdings
Withdrawn status Lost status Damaged status Not for loan Home library Current library Date acquired Inventory number Total Checkouts Full call number Barcode Checked out Date last seen Date checked out Price effective from Koha item type
        San Juan Del Sur -- Mobile San Juan Del Sur -- Biblioteca 22/12/2022 Checked out from 2023 - Jan 2025 1 JNC 33016865 07/11/2023 03/10/2023 03/10/2023 22/12/2022 Libro/Book
        San Juan Del Sur -- Mobile San Juan Del Sur -- Mobile 12/02/2023 Inventory date: 1-2-25   JNC 30029854   12/02/2023   12/02/2023 Libro/Book
        San Juan Del Sur -- Mobile San Juan Del Sur -- Mobile 12/02/2023 Inventory date: 1-2-25   JI 30029855   12/02/2023   12/02/2023 Libro/Book
        San Juan Del Sur -- Mobile San Juan Del Sur -- Mobile 01/02/2025 Inventory date: 1-2-25   JNC 30029853   01/02/2025   01/02/2025 Libro/Book
        San Juan Del Sur -- Mobile San francisco de asis 22/12/2022   2 JNC 33016863 19/03/2024 13/02/2024 13/02/2024 22/12/2022 Libro/Book

Powered by Koha